The environment, risk and liability in international law (Record no. 115209)
[ view plain ]
| 000 -LEADER | |
|---|---|
| fixed length control field | 01901nam a2200385 a 4500 |
| 082 04 - DEWEY DECIMAL CLASSIFICATION NUMBER | |
| Classification number | 344.04/6 |
| 100 1# - MAIN ENTRY--AUTHOR NAME | |
| Personal name | Barboza, Julio. |
| 245 14 - TITLE STATEMENT | |
| Title | The environment, risk and liability in international law |
| 260 ## - PUBLICATION, DISTRIBUTION, ETC. (IMPRINT) | |
| Place of publication | Leiden [Netherlands] ; |
| -- | Boston : |
| Name of publisher | Martinus Nijhoff Publishers, |
| Year of publication | 2011. |
| 300 ## - PHYSICAL DESCRIPTION | |
| Number of Pages | xxv, 204 p. |
| 490 1# - SERIES STATEMENT | |
| Series statement | Legal aspects of sustainable development, |
| 505 0# - FORMATTED CONTENTS NOTE | |
| Formatted contents note | Risk and harm, prevention and liability -- Responsibility and liability in international law -- Conventional law -- Other aspects of international practice -- The development of the subject at the International Law Commission -- The development in the International Law Commission : consideration of the topic since 1997. |
| 650 #0 - SUBJECT ADDED ENTRY--TOPICAL TERM | |
| Topical Term | Liability (Law) |
| Topical Term | Government liability (International law) |
| Topical Term | Liability for environmental damages. |
| Topical Term | Environmental law, International. |
| Topical Term | Transboundary pollution |
| 856 40 - ELECTRONIC LOCATION AND ACCESS | |
| Uniform Resource Identifier | http://site.ebrary.com/lib/rucke/Doc?id=10470652 |
No items available.
